Capitales des pays qui commencent par T - Statistiques

Statistiques générales
  • Ce quiz a été pris 180 fois
    174 depuis la dernière actualisation
  • Le résultat moyen est 9 sur 14
Statistiques - réponses
T Pays Capitale % Correct
Tunisie Tunis
96%
Turquie Ankara
94%
Thailande Bangkok
91%
Tchéquie Prague
89%
Togo Lomé
72%
Tchad N'Djaména
69%
Timor Oriental Dili
66%
Tanzanie Dodoma
59%
Tadjikistan Douchanbé
59%
Turkménistan Achgabat
56%
Trinité-et-Tobago Port-d'Espagne
46%
Tuvalu Funafuti
38%
Tonga Nuku'alofa
36%
Dar es Salam
28%
Aucun quiz correspondant
Distribution des résultats
% des personnes avec chaque résultat
Percentile par nombre de réponses
Votre historique - résultats
Vous n’avez pas pris ce quiz depuis la dernière actualisation